000 00757nam a2200253Ia 4500
003 OSt
005 20221006143009.0
006 a|||||r|||| 00| 0
007 ta
008 221006b |||||||| |||| 00| 0 eng d
020 _cP8.95
024 _a7,758
037 _bGift, Japan Foundation
_cTextual
040 _aEASL
_cEASL
_beng
041 _2eng
_aeng
082 _aY12:(S:3).42.N60bQ, K7
100 _aBASABE Fernando M
_9648922
245 0 _aJapanese youth confronts religion
_b A sociological survey
260 _aTokyo
_bSophia University Japan
_c1967
300 _a183p.
_ccm.
490 _v JEL
942 _hY12:(S:3).42.N60bQ, K7
_cTEXL
_2CC
999 _c1075844
_d1075844